Introducción a la metodología de las ciencias jurídicas y sociales / (Record no. 21915)

MARC details
000 -LEADER
campo de control de longitud fija 00797nam a2200229 i 4500
001 - NÚMERO DE CONTROL
campo de control 21915
003 - IDENTIFICADOR DE NÚMERO DE CONTROL
campo de control ES-MaACL
005 - FECHA Y HORA DE LA ÚLTIMA TRANSACCIÓN
campo de control 20250819052224.0
007 - CAMPO FIJO DE DESCRIPCIÓN FÍSICA--INFORMACIÓN GENERAL
campo de control de longitud fija t|
008 - DATOS DE LONGITUD FIJA--INFORMACIÓN GENERAL
campo de control de longitud fija 021128s1974 ag |||| | spa d
100 1# - ENTRADA PRINCIPAL--NOMBRE DE PERSONA
Nombre de persona Alchourrón, Carlos E.
9 (RLIN) 19544
245 10 - MENCIÓN DEL TÍTULO
Título Introducción a la metodología de las ciencias jurídicas y sociales /
Mención de responsabilidad, etc. Carlos E. Alchourrón, Eugenio Bulygin.
260 ## - PUBLICACIÓN, DISTRIBUCIÓN, ETC.
Lugar de publicación, distribución, etc. Buenos Aires :
Nombre del editor, distribuidor, etc. Astrea,
Fecha de publicación, distribución, etc. [1974]
300 ## - DESCRIPCIÓN FÍSICA
Extensión 277 p. ;
Dimensiones 23 cm.
490 1# - MENCIÓN DE SERIE
Mención de serie Colección mayor. Filosofía y derecho ; 1
650 #7 - PUNTO DE ACCESO ADICIONAL DE MATERIA--TÉRMINO DE MATERIA
Término de materia o nombre geográfico como elemento de entrada Derecho-
Subdivisión general Metodología
Fuente del encabezamiento o término
9 (RLIN) 168474
650 04 - PUNTO DE ACCESO ADICIONAL DE MATERIA--TÉRMINO DE MATERIA
Término de materia o nombre geográfico como elemento de entrada Ciencias sociales-
Subdivisión general Metodología
9 (RLIN) 10996
700 1# - ENTRADA AGREGADA--NOMBRE PERSONAL
Nombre de persona Bulygin, Eugenio.
9 (RLIN) 32538
830 00 - PUNTO DE ACCESO ADICIONAL DE SERIE-TÍTULO UNIFORME
Título uniforme Colección mayor.
Nombre de parte o sección de la obra Filosofía y derecho
9 (RLIN) 228972
852 ## - LOCALIZACIÓN
Ubicación ES-MaACL
Número de control de estantería L-7747
Holdings
Estatus retirado Estado de pérdida Estado de daño No para préstamo Biblioteca de origen Biblioteca actual Ubicación en estantería Fecha de adquisición Fuente de adquisición Total de préstamos Signatura topográfica completa Código de barras Visto por última vez Precio de reemplazo Tipo de ítem Koha
        Biblioteca del Ateneo de Madrid Biblioteca del Ateneo de Madrid Depósito 2 17/01/2008     L-7747 1022522 23/02/2023 23/02/2023 Libro impreso